| 000 | 00467nam a2200181Ia 4500 | ||
|---|---|---|---|
| 001 | 21140 | ||
| 005 | 20260306172857.0 | ||
| 008 | 260306t2006||||xx |||||||||||||| ||spa|| | ||
| 041 | _aESP | ||
| 082 |
_a344C4 _bC76 |
||
| 100 |
_aLinares Cubas, Judith Marlene (Ed.) _eAUT |
||
| 245 | 0 |
_aCódigo penal: _bconcordancias, jurisprudencia, plenos |
|
| 260 | _c2006 | ||
| 300 |
_a1098 páginas : _c24 cm. |
||
| 650 | _aGEN | ||
| 654 | _aCDE | ||
| 942 |
_cLIB _dJUS _fJUS _2ddc _n |
||
| 999 |
_c21140 _d21140 |
||